Quantas madrugadas tem a noite (Registo nº 1288)

Detalhes MARC
000 -Etiqueta do registo
Cabeçalho 00797nam a2200265 4500
005 - Identificador da versão
Campo de controlo 20240813121832.0
010 ## - Número internacional normalizado dos livros (ISBN)
Número (ISBN) 9789722116268
021 ## - Número do Depósito Legal
Código do país PT
Número 271050/08
100 ## - Dados gerais de processamento
Dados gerais de processamento 20150813d2008 m y0pory5003 ba
102 ## - Pais de publicação ou produção
País de publicação Portugal
101 0# - Língua de publicação
Língua do texto, banda sonora, etc. Português
215 ## - Descrição física 
Indicação específica da natureza do documento e extensão da espécie 203 p
200 1# - Titulo e menção de responsabilidade
Título próprio Quantas madrugadas tem a noite
Informação de outro título romance
Primeira menção de responsabilidade Ondjaki
225 2# - Colecção 
Título próprio da colecção Outras margens.
Nome de uma parte ou secção autores estrangeiros de língua portuguesa
Indicação de volume 28
205 ## - Menção da edição
Menção da edição 3ª ed
210 ## - Publicação, Distribuição, etc. 
Lugar da edição, distribuição, etc. [Alfragide]
Nome do editor, distribuidor, etc. Caminho
Data da publicação, distribuição, etc. D. L. 2008
314 ## - Notas relativas a responsabilidade intelectual 
Texto da nota Ondjaki é pseudónimo de Ndalu de Almeida
606 ## - Nome comum usado como assunto
Número de registo de entrada de autoridade 0002209
Palavra de ordem Literatura angolana
Subdivisão de assunto Romance
Código do sistema CA
675 ## - Classificação Decimal Universal (CDU)
Notação 821.134.3(673)-31
Edição 3ª ed.
Língua da edição por
700 #0 - Nome de autor-pessoa física (responsabilidade principal)
Número de registo de entrada de autoridade 0002458
Palavra de ordem Ondjaki
Elementos de identificação ou distinção pseud.
Datas 1977-
966 ## - Identificação da Biblioteca
Sigla EB2,3ENM
942 ## - Elementos de entrada adicionados (Koha)
Tipo de item no Koha Livro
Exemplares
Situação do levantamento Origin of item (home branch) (coded) Biblioteca de empréstimo Código de barras Cota Circulation type (not for loan) Tipo de documento Nota do exemplar Damaged status
  Biblioteca Escolar Eng. Nuno Mergulhão Biblioteca Escolar Eng. Nuno Mergulhão BENM3154 82LE-3 OND   Livro Sem mensagem